|
|
|
|
| LEADER |
00000cam a2200000 7i4500 |
| 001 |
0000003021 |
| 005 |
20040401.0 |
| 020 |
0 |
0 |
|a 1844070859
|
| 090 |
0 |
0 |
|a 363.61
|b WOR 2003
|
| 245 |
0 |
0 |
|a WORLD water actions :
|b making water flow for all
|c Francois Guerquin ... [et al.]
|
| 260 |
0 |
0 |
|a London ; Sterling, VA :
|b Earthscan Pub. ,
|c 2003
|
| 300 |
|
|
|a xxviii, 174 p. :
|b ill. ;
|c 31 cm. + 1 CD-ROM (4 3/4 in.).
|
| 500 |
0 |
0 |
|a Includes bibliographical references : (p. 168-171) and index
|
| 650 |
0 |
0 |
|a Water-supply
|x Management
|
| 650 |
0 |
0 |
|a Water-supply
|x Management
|x International cooperation
|
| 700 |
0 |
1 |
|a Guerquin
|h François
|
| 710 |
1 |
1 |
|a World Water Council
|
| 998 |
|
|
|a JPSM
|
| 999 |
|
|
|a 0000005296
|b Monograph
|c Open Shelf
|e Default branch
|